LEADER 01115nam a2200253 i 4500 001 000000142501 003 CaOOAMICUS 005 20050906000000.0 008 050906s1985 it u000 u ita u 013 $a117857 040 $aSeMil$bita 100 1 $aFacco, Maria Luisa.$0(OLS)http://semarc/name/56147 245 10$aVladimir Jankélévitch e la metafisica /$cMaria Luisa Facco. 260 $a[S.l.] :$bUniversità di Genova,$c1985$e(Genova :$fGrafiche Fassicomo,$g1985) 300 $a166 p. ;$c21 cm. 490 0 $aCategorie Europee. Studi critici ;$v3 500 $aContiene : Appendice ; Bibliografia ; Indice dei nomi. 600 14$aJankélévitch, Vladimir.$0(OLS)http://semarc/subject/8684 830 0$aCategorie Europee. Studi critici ;$v3.$0(OLS)http://semarc/title/18771 850 $aSeMil 852 $aSeMil$W1$xVenegono$y1$m1190 1 2.3 *$j95672$B95672$CSeMilBibl$Z2$F103044 $81 961 $aLascito: Corradi mons. Enrico 996 $6245$aVladimir Jankélévitch e la metafisica$9(OLS)http://semarc/title/208434 996 $6260$a[S.l.] :$bUniversità di Genova$9(OLS)http://semarc/publisher/33825 LEADER 00962nam a2200229 i 4500 001 000000119080 003 CaOOAMICUS 005 20041220000000.0 008 041220n it u000 u ita u 013 $a91773 040 $aSeMil$bita 245 10$aPreludio alla storia dei Figli dell'Immacolata Concezione. 260 $a[S.l. :$bs.n.],$c[198-]?. 300 $a638 p. ;$c24 cm. 500 $aContiene : Bibliografia. - In testa al front. : Parte prima. - Non sono deducibili i dati relativi all'opera nè il suo titolo. - Fondo Card. C.M. Martini. 650 4$aConcezionisti.$0(OLS)http://semarc/subject/10303 850 $aSeMil 852 $aSeMil$W1$xVenegono$y1$m3G IV 37$j74324$B74324$CSeMilBibl$Z2$F90662 $81 941 1 $a4 961 $aOmaggio: Martini Card. Carlo Maria 996 $6245$aPreludio alla storia dei Figli dell'Immacolata Concezione$9(OLS)http://semarc/title/174985 996 $6260$a[S.l. :$bs.n.]$9(OLS)http://semarc/publisher/29751